00672nam a2200169 a 450000100100000000500170001000800410002704000250006808200170009311000890011024500260019926000360022530000270026104900090028895201880029799900170048500003327520200930070138.0110823s1990 dr a 000 0 spa d aDO-SdBNPbspacBNPHU axxxxbR426 c1 aRepública Dominicana.bCentro de Solidaridad para el Desarrollo de la Mujer95888310aCanciones a la mujer. aSanto Domingo :bBúho,c1990. a22 p. :bil. ;c21 cm. aBNPD 001050718RVaPDbPDcCTd2011-08-23iLF1l0oxxxx R426 cp33275-10r2020-06-25w2020-06-25y1zPerteneció a la biblioteca personal de Aída Cartagena PortalatínZNo se presta c32766d32766